[Event "II. CLANSKA LIGA ZAHOD 2016"]
[Site "Komenda"]
[Date "2016.11.12"]
[Round "2.2"]
[White "Drobnic, Milan"]
[Black "Pucelj, Joze"]
[Result "1-0"]
[WhiteElo "1892"]
[BlackElo "2084"]
[PlyCount "59"]
[EventDate "2016.11.12"]
[WhiteTeam "SK LOSKA DOLINA"]
[BlackTeam "SK DOLENJSKE TOPLICE"]

1. c4 e5 2. g3 f5 3. Bg2 Nf6 4. Nc3 Nc6 5. d3 d6 6. e3 Be7 7. Nge2 O-O 8. O-O
Be6 9. Nd5 Rb8 10. Nec3 Qd7 11. d4 Bxd5 12. Nxd5 Nxd5 13. Bxd5+ Kh8 14. Qa4 Bf6
15. Rd1 Qe8 16. Bxc6 Qxc6 17. Qxc6 bxc6 18. Rb1 Rfe8 19. d5 cxd5 20. Rxd5 Red8
21. b3 c6 22. Ra5 Rd7 23. Bb2 g6 24. Rd1 Rbd8 25. Ra6 c5 26. Bc3 Be7 27. f4 Kg8
28. Ba5 exf4 29. Bxd8 Rxd8 30. Rxa7 1-0

[Event "II. CLANSKA LIGA ZAHOD 2016"]
[Site "Komenda"]
[Date "2016.11.12"]
[Round "2.3"]
[White "Muhic, Jure"]
[Black "Trivuncevic, Bosko"]
[Result "1-0"]
[WhiteElo "1870"]
[BlackElo "1950"]
[PlyCount "37"]
[EventDate "2016.11.12"]
[WhiteTeam "SK DOLENJSKE TOPLICE"]
[BlackTeam "SK LOSKA DOLINA"]

1. g3 d6 2. Bg2 Nf6 3. c4 e5 4. d4 Nc6 5. Nf3 Be7 6. O-O O-O 7. Nc3 Bg4 8. d5
Nb8 9. h3 Bc8 10. b4 Re8 11. Be3 Nbd7 12. Nh4 Nf8 13. Qc2 Bd7 14. Nf5 Ng6 15.
Nxe7+ Nxe7 16. Bg5 Ng6 17. Ne4 Bf5 18. Nxf6+ Qxf6 19. Qd2 1-0

[Event "II. CLANSKA LIGA ZAHOD 2016"]
[Site "Komenda"]
[Date "2016.11.12"]
[Round "2.4"]
[White "Stanic, Vitko"]
[Black "Janko, Roman"]
[Result "1-0"]
[WhiteElo "1764"]
[BlackElo "1862"]
[PlyCount "93"]
[EventDate "2016.11.12"]
[WhiteTeam "SK LOSKA DOLINA"]
[BlackTeam "SK DOLENJSKE TOPLICE"]

1. d4 d5 2. Nf3 Nf6 3. g3 e6 4. Bg2 b6 5. O-O Nbd7 6. Bg5 h6 7. Bxf6 Qxf6 8. c3
Bd6 9. Nbd2 Bb7 10. Re1 O-O 11. e4 dxe4 12. Nxe4 Qe7 13. Rc1 c5 14. dxc5 Bxc5
15. b4 Bxe4 16. Rxe4 Nf6 17. Re1 Bd6 18. Nd4 Rad8 19. Nc6 Qc7 20. Nxd8 Rxd8 21.
Qf3 Be7 22. a3 Qc4 23. Qc6 Qb3 24. a4 Rd2 25. h3 Qa2 26. Rf1 Qb3 27. Qc8+ Kh7
28. Qb7 Rd7 29. Qa6 g6 30. a5 Bd8 31. axb6 Bxb6 32. Qe2 Nh5 33. Kh2 Ng7 34. Qc2
Qc4 35. Rfd1 Rc7 36. Bf1 Qc6 37. c4 Rc8 38. c5 Bc7 39. b5 Qf3 40. Bg2 Qa3 41.
Rd7 Kg8 42. Bb7 Nf5 43. Qc3 Qxc3 44. Rxc3 Ba5 45. Bxc8 Bxc3 46. c6 Bd4 47. Ba6
1-0

[Event "II. CLANSKA LIGA ZAHOD 2016"]
[Site "Komenda"]
[Date "2016.11.12"]
[Round "2.5"]
[White "Gorse, Damjan"]
[Black "Bavec, Vinko"]
[Result "1-0"]
[WhiteElo "1784"]
[BlackElo "1567"]
[PlyCount "109"]
[EventDate "2016.11.12"]
[WhiteTeam "SK DOLENJSKE TOPLICE"]
[BlackTeam "SK LOSKA DOLINA"]

1. e4 c5 2. Nf3 Nc6 3. d4 cxd4 4. Nxd4 e5 5. Nxc6 bxc6 6. Bc4 Nf6 7. Bg5 Be7 8.
Bxf6 Bxf6 9. O-O O-O 10. Nc3 h6 11. Qf3 Qe7 12. Rad1 Qb4 13. b3 d6 14. Nb1 Qb8
15. Rd3 Be7 16. c3 Be6 17. Nd2 Qc7 18. Rd1 Rad8 19. Bxe6 fxe6 20. Qg4 Rf6 21.
Rg3 Bf8 22. Rf3 Qe7 23. Nc4 Rxf3 24. Qxf3 Qf6 25. Qe3 d5 26. exd5 exd5 27. Nxe5
Re8 28. Re1 Bc5 29. Qxc5 Rxe5 30. Rxe5 Qxe5 31. h3 Qe1+ 32. Kh2 Qe5+ 33. g3 Qc7
34. c4 dxc4 35. Qxc4+ Kf8 36. b4 Qb7 37. h4 Qd7 38. a3 Qb7 39. Qc5+ Kg8 40. Kg2
Qa6 41. Qc3 Qb7 42. f3 Qb5 43. Qe3 a6 44. g4 Qd5 45. Kg3 Qb5 46. Qe8+ Kh7 47.
Qe4+ Kg8 48. h5 a5 49. bxa5 Qxa5 50. a4 c5 51. Qc4+ Kh8 52. Kf4 Qb4 53. Qxb4
cxb4 54. Ke3 b3 55. Kd2 1-0

[Event "II. CLANSKA LIGA ZAHOD 2016"]
[Site "Komenda"]
[Date "2016.11.12"]
[Round "2.6"]
[White "Sharku, Hysen"]
[Black "Kregulj, Andrej"]
[Result "1-0"]
[WhiteElo "2041"]
[BlackElo "1717"]
[PlyCount "111"]
[EventDate "2016.11.12"]
[WhiteTeam "SK LOSKA DOLINA"]
[BlackTeam "SK DOLENJSKE TOPLICE"]

1. c4 c5 2. Nc3 Nc6 3. e3 e6 4. d4 d5 5. cxd5 exd5 6. dxc5 Nf6 7. Nf3 Bxc5 8.
Bb5 O-O 9. Bxc6 bxc6 10. Qa4 Qc7 11. O-O Rb8 12. a3 Bg4 13. Nd4 Bd7 14. Nce2
Bd6 15. Nf3 Rfe8 16. Ng3 Ne4 17. Qc2 Bg4 18. Nd2 Nxg3 19. hxg3 Re6 20. Nb3 Bxg3
21. fxg3 Qxg3 22. Nd4 Rh6 23. Nf3 Bxf3 24. Rxf3 Qh2+ 25. Kf1 Qh1+ 26. Ke2 Qxg2+
27. Rf2 Qg4+ 28. Kd2 Re8 29. Qf5 Qxf5 30. Rxf5 Rh2+ 31. Kd3 Rh1 32. b4 Re1 33.
Rf3 f6 34. Bb2 Rxa1 35. Bxa1 Re4 36. Bd4 a6 37. Rf2 Kf7 38. Rc2 Re6 39. Rc5 h5
40. Ra5 h4 41. Ke2 f5 42. Rxa6 h3 43. Ra7+ Re7 44. Rxe7+ Kxe7 45. Be5 Ke6 46.
Bg3 g5 47. Kd3 Kd7 48. Kd4 Kc8 49. Kc5 f4 50. exf4 gxf4 51. Bxf4 Kb7 52. Kd4
Ka6 53. a4 Kb6 54. Bd6 Ka6 55. Ke3 Kb6 56. Bc5+ 1-0

[Event "II. CLANSKA LIGA ZAHOD 2016"]
[Site "Komenda"]
[Date "2016.11.12"]
[Round "2.1"]
[White "Hasanagic, Anel"]
[Black "Butala, Marjan"]
[Result "1-0"]
[WhiteElo "2219"]
[BlackElo "2015"]
[PlyCount "137"]
[EventDate "2016.11.12"]
[WhiteTeam "SD JESENICE"]
[BlackTeam "KPSRD KAREL JERAJ LJUBLJANA"]

1. g3 e5 2. Bg2 Bc5 3. Nc3 Nf6 4. d3 h6 5. Nf3 d6 6. Na4 Bb6 7. O-O O-O 8. h3
c6 9. Nxb6 Qxb6 10. a4 a5 11. b3 Re8 12. e4 d5 13. Re1 Nbd7 14. Bb2 Qc7 15. Nh4
d4 16. Rf1 g6 17. Qd2 Kg7 18. f4 c5 19. Bc1 Ng8 20. Qf2 Ra6 21. Bd2 Rf6 22. Nf3
Ra6 23. fxe5 Nf8 24. g4 Be6 25. Qg3 Nd7 26. Kh2 Kh7 27. Rf2 Qc6 28. Raf1 Rf8
29. Ng1 Qc7 30. Ne2 Qxe5 31. Bf4 Qg7 32. Bd6 Rxd6 33. Qxd6 Qe5+ 34. Qxe5 Nxe5
35. Nf4 Bd7 36. Nd5 Kg7 37. Nb6 Be6 38. Nc4 Nxc4 39. bxc4 b6 40. e5 Bd7 41. Bd5
f5 42. gxf5 Bxf5 43. Rb1 Rb8 44. Bxg8 Kxg8 45. Rxf5 gxf5 46. Kg3 Kf7 47. Kf4
Rg8 48. Rxb6 Rg2 49. Kxf5 Rf2+ 50. Ke4 Rxc2 51. Kd5 Rd2 52. Kxc5 Rxd3 53. Rxh6
Rd1 54. Rd6 d3 55. h4 d2 56. h5 Rh1 57. Rxd2 Rxh5 58. Rd5 Ke6 59. Kb6 Rh4 60.
Rc5 Rh8 61. Kxa5 Ra8+ 62. Kb4 Ra7 63. a5 Ra8 64. Kb5 Rb8+ 65. Kc6 Rb4 66. a6
Ra4 67. Kb7 Rb4+ 68. Rb5 Rxc4 69. a7 1-0

[Event "II. CLANSKA LIGA ZAHOD 2016"]
[Site "Komenda"]
[Date "2016.11.12"]
[Round "2.2"]
[White "Mlacnik, Franc"]
[Black "Rodman, Franc"]
[Result "1/2-1/2"]
[WhiteElo "2019"]
[BlackElo "2078"]
[PlyCount "70"]
[EventDate "2016.11.12"]
[WhiteTeam "KPSRD KAREL JERAJ LJUBLJANA"]
[BlackTeam "SD JESENICE"]

1. Nf3 Nf6 2. b3 g6 3. Bb2 Bg7 4. e3 O-O 5. Be2 d6 6. d4 c5 7. O-O Nc6 8. c4 b6
9. Nc3 Bb7 10. d5 Nb8 11. Qc2 a6 12. a4 Nbd7 13. Rab1 Ne8 14. e4 e5 15. Bc1 a5
16. Bg5 f6 17. Be3 Nb8 18. Qd2 Bc8 19. Ne1 Nc7 20. f4 Qe7 21. f5 g5 22. h4 h6
23. Bh5 Bd7 24. Ne2 Rd8 25. hxg5 fxg5 26. Ng3 Ne8 27. Bxe8 Bxe8 28. f6 Bxf6 29.
Nf5 Qh7 30. g4 Rd7 31. Nc2 Bg7 32. Rf2 Bf8 33. Bxg5 hxg5 34. Qxg5+ Qg6 35. Qe3
Raa7 1/2-1/2

[Event "II. CLANSKA LIGA ZAHOD 2016"]
[Site "Komenda"]
[Date "2016.11.12"]
[Round "2.3"]
[White "Jeraj, Zlatko"]
[Black "Mlacnik, Janez"]
[Result "1/2-1/2"]
[WhiteElo "2062"]
[BlackElo "1874"]
[PlyCount "82"]
[EventDate "2016.11.12"]
[WhiteTeam "SD JESENICE"]
[BlackTeam "KPSRD KAREL JERAJ LJUBLJANA"]

1. d4 d5 2. Nf3 e6 3. c4 c6 4. Nc3 f5 5. cxd5 exd5 6. e3 Nf6 7. Bd3 Bd6 8. O-O
O-O 9. Qc2 Ne4 10. Ne2 Qe7 11. Ng3 Nd7 12. b3 Ndf6 13. Bb2 Ng4 14. Rae1 Bd7 15.
Nh1 Rae8 16. h3 Nh6 17. Ne5 Bc8 18. f3 Ng5 19. Nf2 Ngf7 20. f4 g6 21. Qe2 Bb4
22. Ra1 Nd6 23. a3 Ba5 24. b4 Bc7 25. a4 Ne4 26. Rfd1 Nf7 27. b5 cxb5 28. axb5
Bb6 29. Ba3 Nfd6 30. Rac1 Be6 31. Bb4 Rc8 32. Qb2 Rc7 33. Rxc7 Qxc7 34. Qa3 Rc8
35. Qa1 Nxf2 36. Kxf2 Ne4+ 37. Kg1 Kg7 38. Qa3 Qd8 39. Be7 Qc7 40. Bb4 Qd8 41.
Be7 Qc7 1/2-1/2

[Event "II. CLANSKA LIGA ZAHOD 2016"]
[Site "Komenda"]
[Date "2016.11.12"]
[Round "2.4"]
[White "Vertacnik, Viktor"]
[Black "Pazlar, Marko"]
[Result "0-1"]
[WhiteElo "1570"]
[BlackElo "2061"]
[PlyCount "50"]
[EventDate "2016.11.12"]
[WhiteTeam "KPSRD KAREL JERAJ LJUBLJANA"]
[BlackTeam "SD JESENICE"]

1. e4 e6 2. d4 d5 3. e5 c5 4. c3 Nc6 5. Nf3 Bd7 6. a3 a5 7. Bd3 h6 8. Bc2 Qc7
9. O-O Nge7 10. Re1 b6 11. h4 Rc8 12. Nbd2 cxd4 13. cxd4 Nxe5 14. Ba4 Bxa4 15.
Qxa4+ Qc6 16. Qxc6+ N5xc6 17. Nf1 Nf5 18. Be3 Be7 19. g3 Kd7 20. Rac1 Bf6 21.
Red1 Ncxd4 22. Rxc8 Nxf3+ 23. Kg2 N3xh4+ 24. gxh4 Nxe3+ 25. Nxe3 Rxc8 0-1

[Event "II. CLANSKA LIGA ZAHOD 2016"]
[Site "Komenda"]
[Date "2016.11.12"]
[Round "2.5"]
[White "Pavlin, Ivan"]
[Black "Cizman, Gregor"]
[Result "1/2-1/2"]
[WhiteElo "1882"]
[BlackElo "1611"]
[PlyCount "107"]
[EventDate "2016.11.12"]
[WhiteTeam "SD JESENICE"]
[BlackTeam "KPSRD KAREL JERAJ LJUBLJANA"]

1. d4 d6 2. g3 Nf6 3. Bg2 d5 4. Nf3 e6 5. O-O Bd6 6. b3 c6 7. Bb2 Nbd7 8. c4
O-O 9. Nbd2 b5 10. c5 Bc7 11. b4 Bb7 12. Qc2 Re8 13. Rfe1 e5 14. e4 Nxe4 15.
Nxe4 dxe4 16. Nxe5 Nxe5 17. dxe5 Bxe5 18. Bxe4 Bxb2 19. Qxb2 Qc7 20. Bf3 Rad8
21. Rxe8+ Rxe8 22. Rd1 Rd8 23. Rxd8+ Qxd8 24. Qe5 Kf8 25. Kg2 h6 26. h4 f6 27.
Qf4 g5 28. hxg5 hxg5 29. Qe4 Qe7 30. Qd3 Ke8 31. Bh5+ Kf8 32. Bg4 Ke8 33. a3
Qf7 34. Kh2 Qe7 35. Bf5 Kf8 36. Qd4 Kf7 37. Qd3 Ke8 38. Be4 Qd7 39. Qxd7+ Kxd7
40. Bf5+ Ke7 41. Kg2 Kf7 42. Kf3 Kg7 43. Bd7 Kf7 44. Ke4 Ke7 45. Bf5 Kf7 46. f4
gxf4 47. Kxf4 Ke7 48. g4 Kf7 49. g5 fxg5+ 50. Kxg5 Ke7 51. Kf4 Kd8 52. Ke5 Kc7
53. Bd3 a6 54. Ke6 1/2-1/2

[Event "II. CLANSKA LIGA ZAHOD 2016"]
[Site "Komenda"]
[Date "2016.11.12"]
[Round "2.6"]
[White "Kanc, Ignacij"]
[Black "Ravnik, Franc"]
[Result "0-1"]
[WhiteElo "1640"]
[BlackElo "1920"]
[PlyCount "66"]
[EventDate "2016.11.12"]
[WhiteTeam "KPSRD KAREL JERAJ LJUBLJANA"]
[BlackTeam "SD JESENICE"]

1. e4 c5 2. Bc4 e6 3. Nc3 Nc6 4. a3 Nf6 5. d3 Be7 6. Nf3 O-O 7. O-O a6 8. h3 b5
9. Ba2 Bb7 10. Be3 d5 11. exd5 exd5 12. d4 c4 13. Bb1 Bd6 14. Re1 Ne7 15. Ne2
Nf5 16. Bg5 h6 17. Bf4 Ne4 18. c3 Qf6 19. Bxd6 Nfxd6 20. Ng3 Rfe8 21. Nxe4 dxe4
22. Ne5 Rad8 23. Ng4 Qe6 24. Bc2 f5 25. Ne5 Nf7 26. Nxf7 Qxf7 27. Qd2 g5 28.
Bd1 f4 29. g3 Rd6 30. Rb1 Bd5 31. Kh2 Rf6 32. g4 e3 33. Qe2 f3 0-1

[Event "II. CLANSKA LIGA ZAHOD 2016"]
[Site "Komenda"]
[Date "2016.11.12"]
[Round "3.1"]
[White "Butala, Marjan"]
[Black "Jukan, Nesib"]
[Result "0-1"]
[WhiteElo "2015"]
[BlackElo "1996"]
[PlyCount "166"]
[EventDate "2016.11.12"]
[WhiteTeam "KPSRD KAREL JERAJ LJUBLJANA"]
[BlackTeam "SK TRZIN"]

1. c4 e6 2. d4 d5 3. Nc3 Nf6 4. Bg5 Nbd7 5. e3 c6 6. Nf3 Qa5 7. cxd5 exd5 8.
Bd3 Ne4 9. Qc2 Nxg5 10. Nxg5 h6 11. Nf3 Bd6 12. O-O O-O 13. e4 dxe4 14. Nxe4
Be7 15. Rfe1 Qd8 16. Rad1 Nf6 17. Ng3 Nd5 18. a3 Bf6 19. Ne5 Nf4 20. Bh7+ Kh8
21. Be4 Ne6 22. Qc3 Qc7 23. Nh5 Ng5 24. Qg3 Bxe5 25. dxe5 g6 26. Nf6 Be6 27.
Bc2 Rad8 28. Rd6 Rxd6 29. exd6 Qa5 30. b4 Qb5 31. Qc3 Qc4 32. Qxc4 Bxc4 33. Re7
Rd8 34. d7 Kg7 35. Re8 Ne6 36. Rxd8 Nxd8 37. Ng4 Be6 38. Ne5 Kf6 39. f4 Ke7 40.
Kf2 Bxd7 41. Nxd7 Kxd7 42. h4 Kd6 43. Ke3 b6 44. f5 g5 45. hxg5 hxg5 46. Ke4 f6
47. Bb3 a5 48. Bc4 axb4 49. axb4 b5 50. Bd3 Nf7 51. Be2 Ne5 52. Bf1 Nd7 53. Kd4
Kc7 54. Be2 Kb6 55. Bd1 Nb8 56. Bh5 Na6 57. Kc3 c5 58. bxc5+ Kxc5 59. Be8 Nb4
60. Bd7 Nd5+ 61. Kb3 Nf4 62. g4 Nd5 63. Be8 Ne3 64. Bh5 b4 65. Kb2 Nc4+ 66. Kc2
Ne5 67. Kb3 Nc6 68. Bf7 Nd4+ 69. Ka4 Nc6 70. Kb3 Ne5 71. Bh5 Kb5 72. Be8+ Ka5
73. Bh5 Nd3 74. Bf7 Nc5+ 75. Kb2 Kb5 76. Ka2 Kc6 77. Kb2 Kd6 78. Kc2 Ke5 79.
Bh5 Kd4 80. Kb2 Ke3 81. Kc2 Kf4 82. Kb2 Nd3+ 83. Kb3 Ne5 0-1

[Event "II. CLANSKA LIGA ZAHOD 2016"]
[Site "Komenda"]
[Date "2016.11.12"]
[Round "3.2"]
[White "Rojs, Igor"]
[Black "Mlacnik, Franc"]
[Result "1/2-1/2"]
[WhiteElo "1986"]
[BlackElo "2019"]
[PlyCount "101"]
[EventDate "2016.11.12"]
[WhiteTeam "SK TRZIN"]
[BlackTeam "KPSRD KAREL JERAJ LJUBLJANA"]

1. d4 d5 2. Nf3 e6 3. Bf4 c5 4. e3 Nc6 5. c4 cxd4 6. exd4 Nf6 7. Nc3 Bb4 8. a3
Bxc3+ 9. bxc3 O-O 10. Bd3 Qa5 11. Qb3 dxc4 12. Qxc4 Bd7 13. O-O Rac8 14. Qb3 b6
15. Rac1 Qh5 16. Ba6 Ra8 17. Qd1 Na5 18. Ne5 Qxd1 19. Rfxd1 Bc8 20. Be2 Bb7 21.
c4 Rac8 22. Be3 Rfd8 23. f3 Ba6 24. Kf2 Nd7 25. Nxd7 Rxd7 26. c5 Bxe2 27. Kxe2
b5 28. Rb1 a6 29. a4 Rb7 30. axb5 axb5 31. Rb4 Nc6 32. Rb2 Rd8 33. f4 h6 34. g4
b4 35. Kd3 Ra8 36. Rdb1 Ra3+ 37. Rb3 Na5 38. Rxa3 bxa3 39. Kc2 a2 40. Ra1 Nc6
41. Bf2 Nb4+ 42. Kd2 Kf8 43. Kc3 Ke7 44. Kc4 Kd7 45. f5 Kc6 46. fxe6 fxe6 47.
Bg3 g6 48. h4 h5 49. g5 Rb5 50. Be5 Rb7 51. Bg3 1/2-1/2

[Event "II. CLANSKA LIGA ZAHOD 2016"]
[Site "Komenda"]
[Date "2016.11.12"]
[Round "3.3"]
[White "Mlacnik, Janez"]
[Black "Borisek, Anze"]
[Result "1/2-1/2"]
[WhiteElo "1874"]
[BlackElo "1885"]
[PlyCount "93"]
[EventDate "2016.11.12"]
[WhiteTeam "KPSRD KAREL JERAJ LJUBLJANA"]
[BlackTeam "SK TRZIN"]

1. e4 Nc6 2. Nf3 d6 3. Bc4 Nf6 4. d3 g6 5. Nc3 Bg4 6. h3 Bxf3 7. Qxf3 Ne5 8.
Qe2 Nxc4 9. dxc4 Bg7 10. Bg5 Nd7 11. Bd2 a5 12. O-O O-O 13. Rad1 Nc5 14. f4 f5
15. exf5 gxf5 16. Be1 Bxc3 17. Bxc3 Ne4 18. Be1 e6 19. Kh2 Qf6 20. c3 Rae8 21.
Qh5 Qg6 22. Qf3 h5 23. b4 a4 24. Rd3 Rf7 25. Qd1 Rg7 26. Rg1 Ra8 27. a3 Qh6 28.
Qf3 Kf7 29. c5 d5 30. Bf2 Rag8 31. Bh4 c6 32. g3 Rg6 33. Qe2 Qh7 34. c4 Qh8 35.
Qc2 Ra8 36. cxd5 exd5 37. b5 Ra5 38. bxc6 Rxc5 39. Qxa4 Rgxc6 40. Rg2 Qc8 41.
Qb3 Qd7 42. Qb2 Rg6 43. Qh8 Ke6 44. Qe5+ Kf7 45. Qh8 Ke6 46. Qe5+ Kf7 47. Qh8
1/2-1/2

[Event "II. CLANSKA LIGA ZAHOD 2016"]
[Site "Komenda"]
[Date "2016.11.12"]
[Round "3.4"]
[White "Leben, Dusan"]
[Black "Vertacnik, Viktor"]
[Result "1-0"]
[WhiteElo "1879"]
[BlackElo "1570"]
[PlyCount "83"]
[EventDate "2016.11.12"]
[WhiteTeam "SK TRZIN"]
[BlackTeam "KPSRD KAREL JERAJ LJUBLJANA"]

1. e4 e5 2. Nf3 Nc6 3. Bb5 Nf6 4. O-O Nxe4 5. d4 Nd6 6. Bxc6 dxc6 7. dxe5 Nf5
8. Qxd8+ Kxd8 9. Nc3 h6 10. Re1 Be6 11. a3 Bc5 12. Bf4 Ne7 13. Na4 Bb6 14.
Rad1+ Ke8 15. Nxb6 cxb6 16. Nd4 Nd5 17. Bd2 Ke7 18. h3 Rad8 19. f4 g6 20. Kf2
Nc7 21. Nxe6 Kxe6 22. Be3 Nd5 23. Rd3 Nxe3 24. Kxe3 Rxd3+ 25. cxd3 c5 26. Rc1
h5 27. Ke4 Rd8 28. Rc4 Rd5 29. g4 hxg4 30. hxg4 Rd8 31. b4 cxb4 32. axb4 b5 33.
Rc7 Rd7 34. Rc5 a6 35. d4 f5+ 36. exf6 Kxf6 37. d5 Re7+ 38. Kf3 Rd7 39. Ke4
Re7+ 40. Kd4 Rd7 41. Rc8 Rh7 42. g5+ 1-0

[Event "II. CLANSKA LIGA ZAHOD 2016"]
[Site "Komenda"]
[Date "2016.11.12"]
[Round "3.5"]
[White "Cizman, Gregor"]
[Black "Bajec, Borut"]
[Result "0-1"]
[WhiteElo "1611"]
[BlackElo "1794"]
[PlyCount "52"]
[EventDate "2016.11.12"]
[WhiteTeam "KPSRD KAREL JERAJ LJUBLJANA"]
[BlackTeam "SK TRZIN"]

1. d4 d5 2. Nf3 Nf6 3. e3 Bg4 4. h3 Bh5 5. Be2 e6 6. Nbd2 Bd6 7. O-O O-O 8. c4
c5 9. b3 Nbd7 10. Bb2 Rc8 11. Rc1 Bb8 12. dxc5 Nxc5 13. Nd4 Bg6 14. N2f3 e5 15.
Nb5 a6 16. Nc3 e4 17. Nd4 Qd6 18. g3 h5 19. h4 Ng4 20. Bxg4 hxg4 21. Qxg4 Nd3
22. Rc2 Ne5 23. Qe2 Qd7 24. Kg2 dxc4 25. bxc4 Nf3 26. Nd5 Bh5 0-1

[Event "II. CLANSKA LIGA ZAHOD 2016"]
[Site "Komenda"]
[Date "2016.11.12"]
[Round "3.6"]
[White "Banfi, Gregor"]
[Black "Kanc, Ignacij"]
[Result "1-0"]
[WhiteElo "1609"]
[BlackElo "1640"]
[PlyCount "129"]
[EventDate "2016.11.12"]
[WhiteTeam "SK TRZIN"]
[BlackTeam "KPSRD KAREL JERAJ LJUBLJANA"]

1. e4 e5 2. f4 d6 3. Nf3 Qf6 4. d4 exd4 5. f5 h6 6. Bd3 Nc6 7. O-O Bd7 8. c3
dxc3 9. Nxc3 Qd8 10. Qb3 Rb8 11. Bf4 Na5 12. Qc2 Nf6 13. Rad1 Be7 14. b4 Nc6
15. b5 Nb4 16. Qb1 Nxd3 17. Qxd3 Nh5 18. Be3 O-O 19. Bxa7 Ra8 20. Be3 Nf6 21.
Kh1 Qc8 22. a4 b6 23. h3 Qb7 24. Kh2 Rfe8 25. Bf4 Nh5 26. Be3 Bf6 27. Nd5 Bd8
28. Nc3 Nf6 29. Nd2 Nh7 30. Bd4 Ng5 31. Rde1 f6 32. h4 Nf7 33. Qc4 Rc8 34. Qb3
c6 35. Bf2 c5 36. Nd5 Kh7 37. Bg3 Rf8 38. Nc4 Qb8 39. Qf3 Ne5 40. Bxe5 dxe5 41.
Rd1 Be8 42. Qd3 Qa7 43. Nc3 Bh5 44. Rd2 Rc7 45. Qe3 Be7 46. Ra1 Rd8 47. Nd5
Rcd7 48. Ncxb6 Rb7 49. Nxe7 Rxd2 50. Qxd2 Qxb6 51. Nd5 Qd6 52. Qc2 Bf7 53. Rd1
Ra7 54. Qc4 Ra5 55. Qc2 Qf8 56. Rd3 Qa8 57. Nc3 Bc4 58. Rd7 Bg8 59. Qd1 Ra7 60.
b6 Rb7 61. a5 Bf7 62. Rxb7 Qxb7 63. Qd8 Bc4 64. Qd6 Qc8 65. Na4 1-0

[Event "II. CLANSKA LIGA ZAHOD 2016"]
[Site "Komenda"]
[Date "2016.11.12"]
[Round "3.1"]
[White "Kodric, Vladimir"]
[Black "Hasanagic, Anel"]
[Result "0-1"]
[WhiteElo "1945"]
[BlackElo "2219"]
[PlyCount "90"]
[EventDate "2016.11.12"]
[WhiteTeam "SK LOSKA DOLINA"]
[BlackTeam "SD JESENICE"]

1. d4 f5 2. c3 Nf6 3. h3 d6 4. Bf4 g6 5. Nf3 Bg7 6. e3 c6 7. Be2 O-O 8. O-O h6
9. Re1 g5 10. Bh2 Ne4 11. Nbd2 Nd7 12. Nxe4 fxe4 13. Nd2 d5 14. Bg4 Nf6 15.
Bxc8 Qxc8 16. Rf1 Qe6 17. Qe2 Rf7 18. f4 exf3 19. Rxf3 Raf8 20. Raf1 Nd7 21.
Rxf7 Rxf7 22. Rxf7 Qxf7 23. Qf3 e5 24. Qxf7+ Kxf7 25. Kf2 Ke6 26. b3 c5 27. Nf3
b5 28. Ke2 e4 29. Ne1 b4 30. cxb4 cxd4 31. exd4 Bxd4 32. Nc2 Bb6 33. Ne3 d4 34.
Nc4 d3+ 35. Kd2 Bd4 36. Bc7 Nf6 37. Nd6 Be5 38. Nb5 a6 39. Bxe5 Kxe5 40. Nc7
Nd5 41. Nxd5 Kxd5 42. Ke3 Kc6 43. a4 Kd5 44. b5 axb5 45. a5 b4 0-1

[Event "II. CLANSKA LIGA ZAHOD 2016"]
[Site "Komenda"]
[Date "2016.11.12"]
[Round "3.2"]
[White "Rodman, Franc"]
[Black "Drobnic, Milan"]
[Result "0-1"]
[WhiteElo "2078"]
[BlackElo "1892"]
[PlyCount "66"]
[EventDate "2016.11.12"]
[WhiteTeam "SD JESENICE"]
[BlackTeam "SK LOSKA DOLINA"]

1. d4 Nf6 2. Nf3 e6 3. g3 b6 4. Bg2 Bb7 5. O-O Be7 6. c4 O-O 7. Nc3 d5 8. Ne5
Nbd7 9. Qa4 Nxe5 10. dxe5 Ne4 11. cxd5 Nxc3 12. bxc3 exd5 13. Rd1 Bc5 14. c4
Qe8 15. Qxe8 Rfxe8 16. Bb2 f6 17. Rxd5 Rac8 18. Rd7 Bxg2 19. Kxg2 fxe5 20. e3
Bd6 21. Rd1 Kf8 22. Rd5 Re6 23. f4 exf4 24. Rxg7 fxe3 25. Rxh7 Bb4 26. Rf5+ Ke8
27. Rg5 Rd8 28. Rg8+ Bf8 29. Bg7 Rd2+ 30. Kh3 Rf2 31. Rhh8 e2 32. Bxf8 Rxf8 33.
Rxf8+ Kd7 0-1

[Event "II. CLANSKA LIGA ZAHOD 2016"]
[Site "Komenda"]
[Date "2016.11.12"]
[Round "3.3"]
[White "Trivuncevic, Bosko"]
[Black "Jeraj, Zlatko"]
[Result "1/2-1/2"]
[WhiteElo "1950"]
[BlackElo "2062"]
[PlyCount "65"]
[EventDate "2016.11.12"]
[WhiteTeam "SK LOSKA DOLINA"]
[BlackTeam "SD JESENICE"]

1. d4 e6 2. c4 Nf6 3. Nc3 b6 4. e4 Bb7 5. e5 Ne4 6. Nxe4 Bxe4 7. Nf3 Bb4+ 8.
Bd2 Bxd2+ 9. Nxd2 Bb7 10. Nf3 d6 11. Be2 Nd7 12. O-O dxe5 13. Nxe5 Nxe5 14.
dxe5 O-O 15. Qxd8 Rfxd8 16. Rad1 Kf8 17. f3 Ke7 18. Kf2 c5 19. Ke3 f6 20. exf6+
gxf6 21. Rxd8 Rxd8 22. Rd1 Rxd1 23. Bxd1 h6 24. g3 Ba6 25. Be2 Bc8 26. Bd3 Kd6
27. g4 Bd7 28. b3 Be8 29. h4 Bd7 30. f4 Be8 31. a4 Bf7 32. Be4 Be8 33. Bd3
1/2-1/2

[Event "II. CLANSKA LIGA ZAHOD 2016"]
[Site "Komenda"]
[Date "2016.11.12"]
[Round "3.4"]
[White "Pazlar, Marko"]
[Black "Stanic, Vitko"]
[Result "1-0"]
[WhiteElo "2061"]
[BlackElo "1764"]
[PlyCount "129"]
[EventDate "2016.11.12"]
[WhiteTeam "SD JESENICE"]
[BlackTeam "SK LOSKA DOLINA"]

1. Nf3 Nf6 2. g3 g6 3. d4 d5 4. Bg2 Bg7 5. c4 e6 6. O-O O-O 7. Nc3 c6 8. b3
Nbd7 9. Bb2 Re8 10. Qc2 Nb6 11. Ne5 Nbd7 12. e4 Nb6 13. Rfd1 a6 14. Rd2 Rb8 15.
Rad1 Ra8 16. a4 Rb8 17. Ba3 Bf8 18. Bxf8 Rxf8 19. Qa2 Qe7 20. a5 Nbd7 21. Nxd7
Bxd7 22. exd5 exd5 23. cxd5 cxd5 24. Nxd5 Nxd5 25. Bxd5 Qd6 26. Bg2 Bg4 27. Rc1
Rbc8 28. Rdc2 Rxc2 29. Qxc2 Qxd4 30. h3 Bc8 31. Qc3 Qd8 32. b4 h6 33. Kh2 Kh7
34. Qc5 Kg8 35. Re1 Re8 36. Rc1 Kh7 37. Qc7 Qf6 38. Qf4 Qxf4 39. gxf4 Kg7 40.
Rc7 Kf6 41. Bd5 Be6 42. Bxb7 Rb8 43. Kg3 h5 44. h4 Kf5 45. Kf3 Kf6 46. Ke3 Kf5
47. f3 Kf6 48. Ke4 Bf5+ 49. Kd4 Rd8+ 50. Kc5 Bd3 51. Bd5 Rf8 52. Be4 Be2 53.
Rc6+ Ke7 54. Rc7+ Kf6 55. Kb6 Rb8+ 56. Rb7 Rd8 57. Kc7 Rd4 58. Rb6+ Ke7 59. Kb7
Rd7+ 60. Ka8 Rd8+ 61. Ka7 Rd7+ 62. Rb7 Kd6 63. Rxd7+ Kxd7 64. Bb7 Kc7 65. Bxa6
1-0

[Event "II. CLANSKA LIGA ZAHOD 2016"]
[Site "Komenda"]
[Date "2016.11.12"]
[Round "3.5"]
[White "Bavec, Vinko"]
[Black "Pavlin, Ivan"]
[Result "0-1"]
[WhiteElo "1567"]
[BlackElo "1882"]
[PlyCount "166"]
[EventDate "2016.11.12"]
[WhiteTeam "SK LOSKA DOLINA"]
[BlackTeam "SD JESENICE"]

1. d4 Nf6 2. c4 g6 3. Nf3 Bg7 4. g3 c6 5. Bg2 O-O 6. O-O d5 7. cxd5 cxd5 8. Nc3
Nc6 9. e3 e6 10. a3 a6 11. Bd2 Rb8 12. Bc1 b5 13. b4 Ne8 14. Bb2 Nd6 15. Nd2 a5
16. Na2 Nc4 17. Nxc4 bxc4 18. Bc3 axb4 19. Nxb4 Nxb4 20. Bxb4 Re8 21. Qc2 Bd7
22. Rfc1 Qb6 23. Qc3 f5 24. Rcb1 Qa6 25. Bc5 Bf8 26. Rxb8 Rxb8 27. Bb4 Ba4 28.
Rb1 Qb7 29. Rb2 Bb3 30. Bxf8 Kxf8 31. Qa5 Ra8 32. Qc5+ Qe7 33. Qb5 Qxa3 34. Rb1
Qa5 35. Qd7 Qa2 36. Rf1 Qa6 37. Qxh7 Qc6 38. Qxg6 Ke7 39. Qg7+ Kd8 40. Qf8+ Kd7
41. Qg7+ Kd8 42. Qf8+ Qe8 43. Qd6+ Kc8 44. Qc5+ Kd7 45. Rc1 Qc8 46. Qb5+ Ke7
47. Qb4+ Kf7 48. Qd6 Ra6 49. Qb4 Qa8 50. Qc3 Ra4 51. h4 Qa5 52. Qb2 Ra2 53. Qb1
Qd2 54. Rf1 Rb2 55. Qa1 Ba2 56. Qc1 c3 57. Qxd2 Rxd2 58. Rc1 c2 59. Bf3 Bb3 60.
Kg2 Rd1 61. Rxc2 Bxc2 62. Bxd1 Bxd1 63. f3 Kf6 64. Kf2 Ke7 65. Kg2 Bc2 66. g4
Kf6 67. Kg3 fxg4 68. Kxg4 e5 69. dxe5+ Kxe5 70. h5 Kf6 71. Kf4 Bh7 72. Kg4 Bc2
73. Kf4 Bd3 74. Kg4 Ke5 75. Kg5 Bh7 76. Kg4 Kf6 77. Kf4 Bg8 78. h6 Bh7 79. Kg4
Bg6 80. Kf4 Bh5 81. h7 Kg7 82. h8=Q+ Kxh8 83. e4 d4 {nejasno (95)} 0-1

[Event "II. CLANSKA LIGA ZAHOD 2016"]
[Site "Komenda"]
[Date "2016.11.12"]
[Round "3.6"]
[White "Ravnik, Franc"]
[Black "Sharku, Hysen"]
[Result "0-1"]
[WhiteElo "1920"]
[BlackElo "2041"]
[PlyCount "40"]
[EventDate "2016.11.12"]
[WhiteTeam "SD JESENICE"]
[BlackTeam "SK LOSKA DOLINA"]

1. e4 c5 2. Nf3 Nc6 3. d4 cxd4 4. Nxd4 Qb6 5. Nb3 Nf6 6. Nc3 e5 7. Be3 Qd8 8.
Bc4 Bb4 9. O-O Bxc3 10. bxc3 O-O 11. f3 Qc7 12. Bc5 Re8 13. Qd2 Na5 14. Bd6
Qb6+ 15. Bc5 Nxc4 16. Qd3 Qa6 17. Bf2 b6 18. a4 Na5 19. Qd2 Qc4 20. Nc1 d5 0-1